| 000 | 00699nam a22002415b 4500 | ||
|---|---|---|---|
| 003 | OSt | ||
| 005 | 20160108111716.0 | ||
| 008 | 931014s1993 sp | |||| ||spa | ||
| 020 | _a84-253-2515-3 | ||
| 040 | _cBMC | ||
| 082 | _a808.83 | ||
| 130 | 0 | 0 |
_aMurder on the menu _lEspañol |
| 245 | 0 | 3 |
_aEl festín de los asesinos _cPeter Haining, ed. ; traducción de Diana Falcón |
| 250 | _a1ª ed | ||
| 260 |
_aBarcelona _bGrijalbo _c[1993] |
||
| 300 |
_a511 p. _c24 cm |
||
| 490 | _aBestseller oro | ||
| 595 | _aTraducción de: Murder on the menu | ||
| 650 | 2 | 4 |
_aCuentos fantásticos _937726 |
| 700 | 1 |
_aHaining, Peter _937703 _d1940-2007 |
|
| 700 | 1 |
_aFalcón, Diana _937704 |
|
| 942 |
_2ddc _cBK |
||
| 999 |
_c24079 _d24079 |
||